Optics and Spectroscopy / (Record no. 652)

000 -LEADER
fixed length control field 00698nam a2200241 a 4500
008 - FIXED-LENGTH DATA ELEMENTS--GENERAL INFORMATION
fixed length control field 191003r20122013ii a|||g |||| 00| 0 eng d
020 ## - INTERNATIONAL STANDARD BOOK NUMBER
International Standard Book Number 9788121914413
Terms of availability Rs. 215.00
040 ## - CATALOGING SOURCE
Original cataloging agency IMU Kochi Library
Language of cataloging eng
041 0# - LANGUAGE CODE
Language code of text/sound track or separate title eng
044 ## - COUNTRY OF PUBLISHING/PRODUCING ENTITY CODE
MARC country code India
082 04 - DEWEY DECIMAL CLASSIFICATION NUMBER
Edition number 23
Classification number 535
Item number M969
100 1# - MAIN ENTRY--PERSONAL NAME
Personal name Murugeshan, R.
245 10 - TITLE STATEMENT
Title Optics and Spectroscopy /
250 ## - EDITION STATEMENT
Edition statement 8th rev. ed.
260 ## - PUBLICATION, DISTRIBUTION, ETC. (IMPRINT)
Place of publication, distribution, etc New Delhi :
Name of publisher, distributor, etc S. Chand & Company Ltd,
Date of publication, distribution, etc 2012, reprint 2013
300 ## - PHYSICAL DESCRIPTION
Extent xiv, 490 p. :
Other physical details ill. ;
Dimensions 24 cm.
650 #0 - SUBJECT ADDED ENTRY--TOPICAL TERM
Topical term or geographic name as entry element Physics
General subdivision Optics
Form subdivision Textbooks
650 #0 - SUBJECT ADDED ENTRY--TOPICAL TERM
Topical term or geographic name as entry element Optics
General subdivision Spectrum analysis
Form subdivision Textbooks
700 1# - ADDED ENTRY--PERSONAL NAME
Personal name Sivaprasath, Kiruthiga
Relator term Joint Author
852 ## - LOCATION/CALL NUMBER
Location IMU Kochi Library
904 ## - LOCAL DATA ELEMENT D, LDD (RLIN)
CATALOGER Shine Joy
942 ## - ADDED ENTRY ELEMENTS (KOHA)
Item type Books
Holdings
Withdrawn status Lost status Source of classification or shelving scheme Damaged status Not for loan Collection code Permanent location Current location Shelving location Date acquired Source of acquisition Cost, normal purchase price Full call number Barcode Date last seen Koha item type Public note
          Physics IMU Kochi Library IMU Kochi Library General Stacks 2013-10-29 Reference Book Shop ( Inv. No. 199 Dt 2013-12-02) 215.00 535 M969 BK000951 2019-10-03 Books Gen. Shelf-10, Row-1
          Physics IMU Kochi Library IMU Kochi Library General Stacks 2013-10-29 Reference Book Shop ( Inv. No. 199 Dt 2013-12-02) 215.00 535 M969 BK000952 2019-10-03 Books Gen. Shelf-10, Row-1
          Physics IMU Kochi Library IMU Kochi Library General Stacks 2013-10-29 Reference Book Shop ( Inv. No. 199 Dt 2013-12-02) 215.00 535 M969 BK000953 2019-10-03 Books Gen. Shelf-10, Row-1
          Physics IMU Kochi Library IMU Kochi Library General Stacks 2013-09-02 Reference Book Shop (Inv. No. 131 Dt 2013-08-30) 215.00 535 M969 BK000920 2019-10-03 Books Gen. Shelf-10, Row-1
          Physics IMU Kochi Library IMU Kochi Library General Stacks 2013-09-02 Reference Book Shop (Inv. No. 131 Dt 2013-08-30) 215.00 535 M969 BK000921 2019-10-03 Books Gen. Shelf-10, Row-1


Copyright © All Rights Reserved by Indian Maritime University, Kochi Campus.
For any Suggestions/Query Contact to library or Email: library.kochi@imu.ac.in Ph:(0484)-2989402
(Web OPAC Designed by Rudra Ranjan. Maintained by IMU Kochi Library)

Powered by Koha